000 00579nam a2200181Ia 4500
003 GCL
008 140319s9999 xx 000 0 ara d
040 _aGCL /
_cGCL
082 0 4 _a355.43
_bب ر
100 1 _aالهيئة العامة للاستعلامات
245 1 0 _aالردع والاستراتيجية /
_cالهيئة العامة للاستعلامات
700 1 _aبوفر
300 _a137 ص
490 _aالهيئة العامة للاستعلامات
_v0
650 0 4 _aالعلوم الحربية
650 0 4 _aالاستراتيجية
942 _2ddc
_cBK
999 _c46799
_d46799